Every Song by Dire Straits - Statistics

General Stats
  • This quiz has been taken 165 times
    161 since last reset
  • The average score is 33 of 57
Answer Stats
Album Song % Correct
Dire Straits(1978) Sultans of Swing
95%
Brothers in Arms(1985) Money for Nothing
93%
Brothers in Arms(1985) Brothers in Arms
85%
Communiqué(1979) Lady Writer
84%
Making Movies(1980) Romeo and Juliet
84%
Brothers in Arms(1985) Walk of Life
82%
Making Movies(1980) Tunnel of Love
79%
Communiqué(1979) Communiqué
78%
Love Over Gold(1982) Love Over Gold
78%
Brothers in Arms(1985) So Far Away
77%
Love Over Gold(1982) Telegraph Road
77%
Dire Straits(1978) Down to the Waterline
76%
On Every Street(1991) On Every Street
73%
Making Movies(1980) Expresso Love
72%
Brothers in Arms(1985) Your Latest Trick
72%
Love Over Gold(1982) Industrial Disease
70%
Communiqué(1979) Once Upon a Time in the West
70%
Dire Straits(1978) Lions
68%
Love Over Gold(1982) Private Investigations
68%
Communiqué(1979) News
67%
Dire Straits(1978) Six Blade Knife
67%
On Every Street(1991) Calling Elvis
66%
Brothers in Arms(1985) Ride Across the River
64%
Making Movies(1980) Skateaway
63%
Making Movies(1980) Solid Rock
62%
Brothers in Arms(1985) Why Worry
62%
ExtendedancEPlay(1983) Twisting by the Pool
61%
Making Movies(1980) Les Boys
60%
Dire Straits(1978) Wild West End
60%
Dire Straits(1978) In the Gallery
59%
Brothers in Arms(1985) The Man's Too Strong
59%
Dire Straits(1978) Water of Love
59%
Communiqué(1979) Where Do You Think You're Going?
58%
Making Movies(1980) Hand in Hand
57%
Brothers in Arms(1985) One World
57%
Communiqué(1979) Single-Handed Sailor
57%
Dire Straits(1978) Southbound Again
57%
Communiqué(1979) Portobello Belle
54%
Dire Straits(1978) Setting Me Up
52%
On Every Street(1991) The Bug
51%
Communiqué(1979) Angel of Mercy
46%
On Every Street(1991) Heavy Fuel
46%
Love Over Gold(1982) It Never Rains
44%
Communiqué(1979) Follow Me Home
42%
On Every Street(1991) Ticket to Heaven
42%
On Every Street(1991) Fade to Black
41%
On Every Street(1991) Planet of New Orleans
40%
On Every Street(1991) You and Your Friend
38%
ExtendedancEPlay(1983) Two Young Lovers
35%
On Every Street(1991) Iron Hand
32%
On Every Street(1991) My Parties
31%
On Every Street(1991) How Long
30%
ExtendedancEPlay(1983) If I Had You
26%
Live at the BBC(1995) What's the Matter Baby?
26%
On Every Street(1991) When It Comes to You
25%
ExtendedancEPlay(1983) Badges, Posters, Stickers, T-Shirts
24%
Encores(1993) Local Hero (Wild Theme)
22%
No matching quizzes found
Score Distribution
Percent of People with Each Score
Percentile by Number Answered
Your Score History
You have not taken this quiz since the last reset